Sports Quiz

Random Sports or Decade Quiz

AFL - Collingwood Players 2000-2009 Quiz Stats

Quiz not verified by Sporcle

Score 0/103 Timer 15:00
0 Plays Today
Year Of Debut (In Decade) Player Name % Correct
2000Nathan Buckley
95.2%
2005Travis Cloke
91.8%
2000Leon Davis
91.6%
2004Cameron Cloke
89.7%
2002Jason Cloke
89.2%
2001Alan Didak
88.8%
2005Heath Shaw
88.4%
2006Dale Thomas
88.3%
2006Scott Pendlebury
87.8%
2000Anthony Rocca
87.4%
2003Dane Swan
87%
2000Nick Davis
86.6%
2000Rhyce Shaw
86.5%
2000Saverio Rocca
86.1%
2008Nathan Brown
85.9%
2009Leigh Brown
85.5%
2000Josh Fraser
85%
2000Gavin Brown
83.2%
2004Nick Maxwell
81.4%
2005Harry O'Brien
80.2%
2000Simon Prestigiacomo
78.3%
2009Dayne Beams
77.9%
2009Steele Sidebottom
77.3%
2000Chris Tarrant
77.2%
2000Ben Johnson
76.6%
2000Scott Burns
75.2%
2001James Clement
74.6%
2000Tarkyn Lockyer
74.1%
2007Ben Reid
74%
2000Shane O'Bree
73.5%
2000Paul Licuria
73%
2007Paul Medhurst
70.9%
2008Chris Dawes
70.9%
2007Brad Dick
68.6%
2007Tyson Goldsack
67.5%
Year Of Debut (In Decade) Player Name % Correct
2008Cameron Wood
66.5%
2008John Anthony
66.5%
2008Sharrod Wellingham
64.2%
2001Shane Wakelin
63.3%
2001Brodie Holland
62.4%
2007Alan Toovey
62.4%
2000Paul Williams
62.3%
2003Andrew Williams
61%
2004Guy Richards
56.9%
2009Brent Macaffer
56.2%
2003Shane Woewodin
54.1%
2001Ryan Lonie
53.2%
2000Bradley Smith
51%
2005Sean Rusling
50.8%
2007Shannon Cox
50.4%
2007Marty Clarke
50.3%
2003Tristen Walker
48.9%
2000Steve McKee
48.6%
2001Jarrod Molloy
47.9%
2002Richard Cole
46.7%
2008John McCarthy
46.6%
2007Chris Bryan
46.3%
2000Rupert Betheras
45.7%
2000Heath Scotland
44.7%
2003Matthew Lokan
44.2%
2002Mark McGough
43.2%
2004David King
42.1%
2007Danny Stanley
41.4%
2005Chad Morrison
41.3%
2000Mal Michael
40.4%
2000Glenn Freeborn
39.7%
2000Mark Richardson
39.7%
2007Ryan Cook
39.2%
2005Chris Egan
38.7%
2009Jaxson Barham
37.9%
Year Of Debut (In Decade) Player Name % Correct
2005Blake Caracella
35%
2001Carl Steinfort
34.5%
2009Anthony Corrie
34.5%
2000Ben Kinnear
33.5%
2000Damien Adkins
32.9%
2000Gavin Crosisca
32.5%
2005David Fanning
32.5%
2002Scott Cummings
29.5%
2001Chad Rintoul
29.2%
2006Sam Iles
27.7%
2005Ben Davies
27.4%
2000Shane Watson
25.7%
2004Julian Rowe
25.6%
2005Adam Iacobucci
25.6%
2000Tyson Lane
25.3%
2005Brent Hall
24.3%
2000Stephen Patterson
24.2%
2000Mark Orchard
23.4%
2000Andrew Ukovic
23.1%
2004Bo Nixon
22.8%
2001Danny Roach
22.4%
2004Luke Shackleton
20.8%
2000James Wasley
19.1%
2000Craig Jacotine
19.1%
2000Brent Tuckey
19%
2004Tom Davidson
18.6%
2001Andrew Hill
18.4%
2004Justin Crow
18.3%
2000Andrew Dimattina
18.1%
2007Daniel Nicholls
17.2%
2004Luke Mullins
16.9%
2000Brad Oborne
16.6%
2000Dale Baynes
14.5%

You're not logged in!

Compare scores with friends on all Sporcle quizzes.
Sign Up with Email
OR
Log In

You Might Also Like...

Show Comments

Extras

Top Quizzes Today


Score Distribution

Your Account Isn't Verified!

In order to create a playlist on Sporcle, you need to verify the email address you used during registration. Go to your Sporcle Settings to finish the process.